First Moves in Chess - Statistics

General Stats
  • This quiz has been taken 23 times
  • The average score is 6 of 20
Answer Stats
Piece Notation Opening % Correct
Pawn e4 King's Pawn Opening
93%
Pawn d4 Queen's Pawn Opening
93%
Pawn c4 English Opening
71%
Knight Nf3 Réti Opening
71%
Pawn f4 Bird's Opening
57%
Pawn b4 Polish Opening
36%
Pawn g4 Grob Opening
29%
Pawn b3 Nimzowitsch-Larsen Attack
29%
Knight Na3 Sodium Attack
29%
Pawn g3 King's Fianchetto Opening
21%
Pawn f3 Barnes Opening
14%
Knight Nc3 Van Geet Opening
14%
Knight Nh3 Amar Opening
7%
Pawn a3 Anderssen Opening
7%
Pawn h3 Clemenz Opening
7%
Pawn h4 Kádaz Opening
7%
Pawn d3 Mieses Opening
7%
Pawn c3 Saragossa Opening
7%
Pawn e3 Van't Kruijs Opening
7%
Pawn a4 Ware Opening
7%
No matching quizzes found
Score Distribution
Percent of People with Each Score
Percentile by Number Answered
Your Score History
You have not taken this quiz